000 00638nam a2200205Ia 4500
005 20250923150123.0
008 008 250917s9999 xx 000 0 eng d
037 _aTextual
040 _aDSWL
_beng
_cDSWL
041 _aeng
_2eng
084 _aYX,A;5-P.236, P00
_qDSWL
100 _aAbbi, B L
_9842461
245 0 _aOperations research on spacing methods : Family Planning programe in Rupnagar .dist. Punjab
_c by B L Abbi
260 _aChandigarh
_bCenter for Res. in Rural &
_c2000
300 _a235p.
365 _aINR
_b295
925 _g295
942 _cTEXL
_hYX,A;5-P.236, P00
999 _c1459788
_d1459788